000 00272nam a22001097a 4500
008 240530b |||||||| |||| 00| 0 eng d
100 _aDipchand, Tilokchand
_914881
245 _aTe Nanda Natak
260 _aAjmer:
_bSindh Publishing;
_c1954.
300 _a19p.
942 _cBK
999 _c38359
_d38359